Trouver l'acteur (films français) - Statistiques

Statistiques générales
  • Ce quiz a été pris 666 fois
    615 depuis la dernière actualisation
  • Le résultat moyen est 12 sur 20
Statistiques - réponses
Film Hint Réponse % Correct
Intouchables Driss Omar Sy
96%
Les Visiteurs Jacquouille la Fripouille Christian Clavier
87%
OSS 117 Hubert Bonisseur de La Bath Jean Dujardin
87%
La Grande Vadrouille Stanislas Lefort Louis de Funès
82%
Léon Léon Jean Reno
80%
Bienvenue chez les Chti's Antoine Bailleul Dany Boon
79%
Le père Noël est une ordure Félix Gérard Jugnot
78%
Les Tuche Jeff Tuche Jean-Paul Rouve
75%
La Haine Vinz Vincent Cassel
75%
Le Dîner de cons Pierre Brochant Thierry Lhermitte
71%
Les Bronzés font du ski Jean-Claude Dusse Michel Blanc
70%
La Cité de la peur Serge Karamazov Alain Chabat
63%
Les Choristes Chabert Kad Merad
48%
Les Tontons Flingueurs Fernand Naudin Lino Ventura
38%
Pierrot le Fou Ferdinand Griffon Jean-Paul-Belmondo
30%
Le Fabuleux Destin d'Amélie Poulain Nino Quincampoix Mathieu Kassovitz
28%
L'Odyssée Jacques-Yves Cousteau Lambert Wilson
22%
Le Cercle rouge Corey Alain Delon
21%
Un air de famille Henri Ménard Jean-Pierre Bacri
19%
Le Grand Pardon II Roland Bettoun Gérard Darmon
12%
Aucun quiz correspondant
Distribution des résultats
% des personnes avec chaque résultat
Percentile par nombre de réponses
Votre historique - résultats
Vous n’avez pas pris ce quiz depuis la dernière actualisation